Noms des groupes d'animaux - Statistiques

Statistiques générales
  • Ce quiz a été pris 245 fois
  • Le résultat moyen est 11 sur 32
Statistiques - réponses
Animaux Groupe de plusieurs membres de l'espèce % Correct
Loup Meute
99%
Âne Troupe
82%
Vache Troupeau
79%
Elephant Troupeau
79%
Abeille Essaim
66%
Méduse Banc
52%
Calmar Banc
52%
Papillon Nuée
50%
Guêpe Nid
46%
Chiot Portée
45%
Fourmi Colonie
44%
Hibou Parlement
42%
Sanglier Harde
40%
Cerf Harde
40%
Moineau Volée
30%
Babouin Assemblée
28%
Sauterelle Nuage
27%
Lion Fierté
26%
Vipère Noeud
26%
Crabe Panier
24%
Flamant Flamboyance
22%
Poussin Couvée
16%
Blaireau Clan
15%
Etourneau Murmure
15%
Souris Nichée
15%
Faisan Compagnie
13%
Kangourou Foule
12%
Bovin Cheptel
9%
Baleine Pod
8%
Phoque Echourie
7%
Tortue Balle
6%
Dindon Chevron
2%
Aucun quiz correspondant
Distribution des résultats
% des personnes avec chaque résultat
Percentile par nombre de réponses
Votre historique - résultats
Vous n’avez pas pris ce quiz